000 00513nam a2200181Ia 4500
008 240729s9999 xx 000 0 und d
022 _a2578-5826
245 0 _aImmunological Medicine
260 _aUnited Kingdom
260 _bTaylor & Francis Group
650 _a Immunologic diseases. Allergy
650 _a Internal medicine
650 _a Specialties of internal medicine
650 _aMedicine
856 _uhttps://doaj.org/toc/91057b48e25441338bf8ece41e0cc017
942 _2ddc
942 _cDOAJEJ
999 _c69120
_d69120
945 _a1
_bMadushi Gamage
_c1
_dMadushi Gamage